000 00412nam a2200181Ia 4500
001 17661
005 20260306171533.0
008 260306s9999||||xx |||||||||||||| ||und||
041 _aESP
082 _a658.15
_bB45C
100 _aBerk, Jonathan
_eAUT
245 0 _aCorporate finance
260 _c2020
300 _a1181 páginas :
_c25 cm.
650 _aGEN
654 _aCAN
942 _cLIB
_dJUS
_fJUS
_2ddc
_n
999 _c17661
_d17661